Normal view
MARC view
Entry Personal Name
001 - CONTROL NUMBER
- control field: 508471
003 - CONTROL NUMBER IDENTIFIER
- control field: OSt
005 - DATE AND TIME OF LATEST TRANSACTION
- control field: 20220928144556.0
008 - FIXED-LENGTH DATA ELEMENTS
- fixed length control field: 220928|| aca||aabn | a|a d
040 ## - CATALOGING SOURCE
- Original cataloging agency: OSt
- Transcribing agency: OSt
100 ## - HEADING--PERSONAL NAME
- Personal name: Dahiya B S
670 ## - SOURCE DATA FOUND
- Source citation: Work cat.: (OSt)828202: Dahiya B S, Jats, the ancient rulers., 1980
